Die Sammlung C. Castiglioni, Wien (Record no. 5722)

MARC details
000 -CABECERA
campo de control de longitud fija 00862nam a2200241 a 4500
001 - NÚMERO DE CONTROL
campo de control BRCA_6034
005 - FECHA Y HORA DE LA ÚLTIMA TRANSACCIÓN
campo de control 20190320205315.0
008 - DATOS DE LONGITUD FIJA--INFORMACIÓN GENERAL
campo de control de longitud fija 280411s1930----gw-a######---#000-0#ger-#
041 ## - CÓDIGO DE LENGUA
Código de lengua del texto/banda sonora o título independiente ger
044 ## - CÓDIGO DEL PAÍS DE LA ENTIDAD EDITORA/PRODUCTORA
Código MARC del país gw
050 #4 - SIGNATURA TOPOGRÁFICA DE LA BIBLIOTECA DEL CONGRESO
Número de clasificación N5250
Número de documento/Ítem .F35 1930
100 1# - ENTRADA PRINCIPAL--NOMBRE DE PERSONA
Nombre de persona Falke, Otto von
Fechas asociadas al nombre 1862-1942
9 (RLIN) 15229
245 10 - MENCIÓN DE TÍTULO
Título Die Sammlung C. Castiglioni, Wien
Resto del título Gemälde, Skulpturen, Möbel, Keramik, Textilien
Mención de responsabilidad, etc. eingeleitet und beschrieben von Otto von Falke.
260 ## - PUBLICACIÓN, DISTRIBUCIÓN, ETC.
Lugar de publicación, distribución, etc. Berlín
Nombre del editor, distribuidor, etc. Hermann Ball, Paul Graupe
Fecha de publicación, distribución, etc. 1930
300 ## - DESCRIPCIÓN FÍSICA
Extensión 167 p.
Otras características físicas il., 106 láminas
Dimensiones 32 cm.
500 ## - NOTA GENERAL
Nota general Estado físico: Lomo desprendido
500 ## - NOTA GENERAL
Nota general Catálogo de subasta inventariado por Banco de México como libro
500 ## - NOTA GENERAL
Nota general CA1
600 14 - PUNTO DE ACCESO ADICIONAL DE MATERIA--NOMBRE DE PERSONA
Nombre de persona Castiglioni, Camilo
Subdivisión de forma Colecciones de arte
Subdivisión general Catálogos
Subdivisión geográfica Viena
9 (RLIN) 15230
650 14 - PUNTO DE ACCESO ADICIONAL DE MATERIA--TÉRMINO DE MATERIA
Término de materia o nombre geográfico como elemento de entrada Arte
Subdivisión general Colecciones privadas
9 (RLIN) 14568
902 ## - CATALOGADOR
Iniciales GFM
942 ## - ELEMENTOS DE PUNTO DE ACCESO ADICIONAL (KOHA)
Fuente del sistema de clasificación o colocación Library of Congress Classification
Tipo de ítem Koha Libros
Holdings
Estado de retiro Estado de pérdida Estado dañado No para préstamo Localización permanente Ubicación/localización actual Fecha de adquisición Número de inventario Total de préstamos Signatura topográfica completa Código de barras Fecha visto por última vez Precio válido a partir de Tipo de ítem Koha
El ejemplar forma parte de la colección y puede ser consultado según las políticas vigentes.       Biblioteca del Museo Franz Mayer (Rogerio Casas-Alatriste) Biblioteca del Museo Franz Mayer (Rogerio Casas-Alatriste) 28/04/2011 CA1   N5250 .F35 1930 (CA1) 6473 22/03/2019 22/03/2019 Libros